Úvod do moderného informačného prieskumu

Bibliographic Details
Main Authors: Makulová, Soňa, 1950- (Author), Salton, G. (Author), Mc Gill, M. J. (Author)
Format: Article
Language:Slovak
Subjects:

MARC

LEADER 00000nab a2200000 a 4500
001 vtls000267458
003 SK-MaSNL
005 20260302214357.0
008 111202c1986 xo 0 slo
015 |a SNBRA19rr/mm-uuuuu 
035 |a CL0277572 
040 |a SNKBUCL  |b slo  |c SNKBUCL  |e AACR2 
041 0 |a slo 
044 |a xo  |c SK 
080 |a 002.6  |2 1981 
080 |a 681.3  |2 1981 
100 1 |a Makulová, Soňa,  |d 1950-  |4 aut  |9 201746 
245 1 0 |a Úvod do moderného informačného prieskumu  |c Soňa Makulová ; G. Salton, M. J. Mc Gill 
650 0 7 |a systémy informačné automatizované  |2 snkbucl  |9 287130 
655 7 |a články zo zborníkov  |2 snkbucl  |9 166140 
655 7 |a články z odboru knihovníctvo  |2 snkbucl  |9 166141 
700 1 |a Salton, G.  |4 aut  |9 941565 
700 1 |a Mc Gill, M. J.  |4 aut  |9 941566 
773 0 |t Knižničný zborník 1986  |d Martin : Matica slovenská, 1986 
787 0 8 |i Rec.:  |a Salton, G.  |t Indroduction to Modern Information Retrieval  |d New York : Mc Graw-Hill, 1983 
850 |a Slovenská národná knižnica v Martine  |a MTA001 
852 |a SNK  |b KIS3GCP 
958 |a RK 
958 |a KL 
992 |a RZB 
999 |c 1497713  |d 1499643